Predpoklady a zábrany rozvoja obchodu Východ-Západ kandidátska dizertačná práca
Gespeichert in:
| 1. Verfasser: | |
|---|---|
| Körperschaft: | |
| Weitere Verfasser: | |
| Format: | Buch |
| Sprache: | Slowakisch |
| Veröffentlicht: |
Bratislava
1979
|
| Tags: |
Keine Tags, Fügen Sie das erste Tag hinzu!
|
MARC
| LEADER | 00000nam a2200000 4500 | ||
|---|---|---|---|
| 001 | c139489 | ||
| 005 | 20180917091459.4 | ||
| 041 | 0 | |a slo | |
| 044 | |a SK | ||
| 245 | 1 | 0 | |a Predpoklady a zábrany rozvoja obchodu Východ-Západ |b kandidátska dizertačná práca |c Peter Mihók ; Ved. Pavol Raček |
| 264 | 1 | |a Bratislava |c 1979 | |
| 300 | |a 170 s. | ||
| 100 | 1 | |a Mihók, Peter | |
| 700 | 1 | |a Raček, Pavol | |
| 710 | 2 | |a Vysoká škola ekonomická v Bratislave. Obchodná fakulta | |